00465 2200193 4500245004000000020002200040250001100062100002300073700001000096700000900106650001700115005001900132260004100151041001400192084001300206300003200219336000900251338001100260 aNaruto 71cKishimoto, MasashihText a978-602-02-7801-8 aCet. 1 aKishimoto, Masashi aLenny aSari aKomik Jepang a20230131114128 aJakartabElex Media Komputindoc2016 aIndonesia a741.5592 a... jil. :bilus. ;c17 cm. atext avolume